000 01178nas a2200337 c 4500
001 25128
003 ES-MaCES
005 20250312130228.0
007 cr |||||||||||
008 940323c1900 sp b| | |spa d
022 1 _a0213-6856
035 _aCES19980001089p
_z10110
040 _aES-MaCES
_bspa
_cES-MaCES
245 0 0 _aPolítica exterior
260 _aMadrid (Padilla, 6, 28006)
_bEstudios de Política Exterior
300 _av.
_c25 cm
310 _aBimestral
500 _aDescripción basada en: v. 8, n. 37 (feb.-marzo 1994)
500 _aTít. tomado de la cub
541 _cCompra
650 4 _arelaciones internacionales
_926675
650 4 _apolítica exterior
_926687
653 1 0 _aCiencias Sociales-Políticas
853 2 1 _avol.
_bn.
_iaño
_jmes
_vc
_wb
856 4 _uhttps://www.politicaexterior.com/archivo/politica-exterior/
_ytexto completo desde n. 1 (1987)
_zAcceso para usuarios registrados
866 0 _a1994-2020,(2022)2023-
_zUbicación: DEPÓSITO - 10110
_zUbicación: SALA - REV.-7.0.-8
905 _1Boletín D
_fP
_k
_nPolExte
_pA
942 _2CES
_cCR
_h7.0.
999 _c25128
_d25128